Informovaná voľba spotrebiteľa

Nový prístup na označovanie potravín z pohľadu výživových a zdravotných tvrdení. Výživa významnou mierou ovplyvňuje kvalitu života človeka a jeho zdravie. Zvyšovanie významu označovania potravín ako dôležitého nástroja umožňujúceho tzv. informovanú voľbu spotrebiteľa. Nový legislatívny rámec - naria...

Ausführliche Beschreibung

Gespeichert in:
Bibliographische Detailangaben
1. Verfasser: Kromerová, Katarína
Format: Buchkapitel
Sprache:Slowakisch
Schlagworte:
Tags: Tag hinzufügen
Keine Tags, Fügen Sie das erste Tag hinzu!

MARC

LEADER 00000naa$a2200000$$$4500
001 0057053
005 20231108141726.9
041 0 |a slo 
044 |a SK 
245 1 0 |a Informovaná voľba spotrebiteľa  |c Katarína Kromerová 
520 |a Nový prístup na označovanie potravín z pohľadu výživových a zdravotných tvrdení. Výživa významnou mierou ovplyvňuje kvalitu života človeka a jeho zdravie. Zvyšovanie významu označovania potravín ako dôležitého nástroja umožňujúceho tzv. informovanú voľbu spotrebiteľa. Nový legislatívny rámec - nariadenie Európskeho parlamentu a Rady č. 1924/2006 o výživových a zdravotných tvrdeniach o potravinách. Bude vytvorený centrálny register zdravotných a výživových tvrdení prístupný verejnosti. 
610 2 0 |a výživa 
610 2 0 |a potraviny 
610 2 0 |a označovanie tovarov 
610 2 0 |a ochrana spotrebiteľa 
610 2 0 |a ochrana zdravia 
610 2 0 |a legislatíva 
610 2 0 |a Európska únia 
100 1 |a Kromerová, Katarína